000
00339nam a22001457a 4500
008
230320b ||||| |||| 00| 0 eng d
020
_a
0321524047
041
_a
eng
080
_2
NINTH EDITION
_a
616.73
082
_a
616.73KLU
100
_a
12
101
_a
GJENETIK
245
_a
CONCEPTS OF GENETICS
_c
KLUG CUMMINGS
942
_2
udc
_c
BK
999
_c
59397
_d
59397